01620 2200349 4500001002100000005001500021035002000036007000300056008004100059020001800100082001400118084002000132100003100152245015200183250002000335300002600355700002600381700002600407520057400433264004301007336002101050337003001071338002301101650002701124650002301151990001601174990001601190990001601206990001601222990001601238990001601254INLIS00000000000026820260430023137 a0010-0426000267ta260430 b 0 ind  a9786231356499 a306.09598 a306.09598 MAT s0 aMatthew SenagsaePengarang1 aSerial ragam pesona Nusantara Banjarmasin : aku senang berkunjung ke pasar terapung /cMatthew Senangsa ; editor, Tim Hikam ; Ilustrator, Tim Hikam aCetakan Pertama a32 halaman ;c23.5 cm0 aTim hikamePenyunting0 aTim hikameIlustrator aDewasa ini kesadaran dari putra-putri komponen anak bangsa mulai terkikis dan teralihkan ke visual digital pesawat genggam, budaya dan alam Nusantara yang seharusnya dilestarikan dan dijaga, menunjukkan indikasi ke arah yang semakin menurun. Bangsa Indonesia merupakan negara dengan beragam budaya dan kekayaan alam, budaya-budaya lokal yang ada di Nusantara muncul dan eksis terlebih dulu, sedangkan budaya bangsa muncul setelahnya. Kekayaan budaya dan Alam Nusantara ini menjadi situs budaya leluhur yang bernilai tinggi dan wajib diwariskan ke setiap generasi Bangsa aYogyakarta :bHikam Media Utama,c2023 2rdacontentaTeks 2rdamediaaTanpa Perantara 2rdacarrieraVolume 4aKebudayaan Banjarmasin 4aBacaan kanak-kanak aAT000517/25 aNM000615/25 aPP000755/25 aPT000806/25 aPP000957/25 aTT001096/25